000
00302nam a2200109Ia 4500
008
220216s9999 xx 000 0 und d
245
0
_a
Progress on the African rubber quality project
260
_b
The INRO news Letter
_c
1999
300
_a
14-15
650
_a
Standard African rubber scheme
942
_c
JS
999
_c
65919
_d
65919